| 000 | 00810nam a22002417a 4500 | ||
|---|---|---|---|
| 003 | UA-OsUOA | ||
| 001 | 33085 | ||
| 007 | ta | ||
| 008 | 20050311b un ||||| |||| 00| 0 ukr d | ||
| 090 |
_a025 _bФ21 |
||
| 942 | _cBK | ||
| 040 |
_aUA-OsUOA _bukr _cUA-OsUOA _dUA-OsUOA |
||
| 245 |
_aФандрейзинг у бібліотеках України і світу _bНавч.-метод. матеріали для студ. і практикантів для спец. 7.020102 "Книгознавство, бібілотекознавство, бібліографія" _cУпоряд. В. П.Ярощук |
||
| 300 | _a48 с. | ||
| 955 | _a0 | ||
| 041 | _aukr | ||
| 080 | _a025 | ||
| 020 | _a966-95722-3-1 | ||
| 260 |
_aРівне _bОвід _c2003 |
||
| 044 | _aUA | ||
| 650 | 7 | _2UDC | |
| 999 |
_c319542 _d319542 |
||